00630cam a22002291 4500001001300000003000400013005001700017008004100034010001700075025001800092035002000110040001800130042001200148050002300160110004400183245005200227250002700279260002100306300003000327651002600357999001700383sa 66005183 DLC20260227112248.0861103s1964 pk a 000 0 eng  asa 66005183  aPL480:P-E-981 a(OCoLC)14627372 aDLCcWaUdDLC apremarc00aHB3640.5b.I5 19642 aInvestment Advisory Centre of Pakistan.10aPopulation projections for Pakistan, 1961-1986. aRevised December 1964. aKarachic[1964?] avi, 35 p.billus.c28 cm. 0aPakistanxPopulation. c69845d69845